000 00535nam a2200217Ia 4500
005 20250425161802.0
008 250425s9999 xx 000 0 und d
041 _aspa
082 _a501
100 _aCASSIS MARTINEZ, RICARDO TEODORO
245 0 _aHISTORIA Y FILOSOFIA DE LA CIENCIA
250 _a1A ED.
260 _aEcuador
_bESPOL CENTRO DE DIFUSION Y PUBLICACIONES
_c1997
260 _aGUAYAQUIL
300 _a144
650 _aCIENCIAS
650 _aFILOSOFIA
650 _aLOGICA
942 _c01
010 _a28990
999 _c216057
_d216057